000 00572nam a2200241Ia 4500
005 20250425162140.0
008 250425s9999 xx 000 0 und d
020 _a8487440339
041 _aspa
082 _a637.33
100 _aCENZANO, I.
245 0 _aLOS QUESOS
250 _a1A ED.
260 _aEspaƱa
_bA. MADRID VICENTE : MUNDI-PRENSA
_c1992
260 _aMADRID
300 _a227
500 _aCONSULTAR 39389 EN BIBTEC.
650 _aFABRICACION DEL QUESO
650 _aPRODUCTOS LACTEOS
650 _aQUESO
942 _c01
010 _a53000
999 _c223306
_d223306